| 000 | 00530nam a2200181 i 4500 | ||
|---|---|---|---|
| 001 | bg | ||
| 100 | 1 | _aFESZCZUK, Maciej | |
| 245 | 0 |
_aWzmacniacze elektroakustyczne / _cMaciej Feszczuk. |
|
| 260 |
_aWarszawa : _bWydawnnictwa Komunikacji i Łączności, _c1978. |
||
| 300 |
_a199, [1] s. : _brys. ilustr., tabl. [w tym nlb.2]. |
||
| 504 | _aBibliogr. s. 199-200. | ||
| 650 | 9 | _aWzmacniacze | |
| 040 | _cBPK | ||
| 041 | _apol | ||
| 080 | _a621.375+681.84/.85:534.8 | ||
| 942 | _cKS | ||
| 008 | s pl f |000 0 pol | ||
| 999 |
_c17878 _d17878 |
||
| 856 |
_uhttp://koha.tu.koszalin.pl/cgi-bin/koha/opac-detail.pl?biblionumber=17878 _yKatalog online BPK |
||